000
00340nam a2200145Ia 4500
008
150201s2013 xx 000 0 und d
082
_a
610.6
_b
H13S
100
_a
SAXENA, MANISHA
245
_a
HOSPITAL MANAGEMENT
250
_a
1ST
260
_b
CBS
_a
DELHI
_c
2013
300
_a
1-240
650
_a
HOSPITAL MANAGEMENT
942
_2
ddc
_c
BK
_0
1
999
_c
1571
_d
1571